Riconosci il Pokémon - Quiz n°623 - Statistics

Statistiche generali
  • Questo quiz è stato fatto 0 volte
  • Il punteggio medio è 0 su 10
Statistiche sulle risposte
Indizio Riposta % Corretto
Altezza 0,60 m
0%
Tasso di cattura 255 (43.9%)
0%
Sesso 50% ♂, 50% ♀
0%
Peso 7,4 kg
0%
Tipo Acqua
0%
Pokémon Feebas
0%
Stadio evoluzione Forma Base
0%
Tasso di allevamento Irregolare
0%
Abilità Nuotovelox; Indifferenza; Adattabilità
0%
Generazione Terza
0%
Nessun quiz corrispondente trovato
Distribuzione punteggi
Percentuale di utenti per punteggio
Percentile per numero di risposta
I tuoi punteggi nel tempo
Non hai fatto questo quiz